Evaluación de medio término del proyecto para el fortalecimiento de la educación inicial : (Registro nro. 10158)
[ vista simple ]
| 000 -LIDER | |
|---|---|
| fixed length control field | 00630nam a22001697a 4500 |
| 003 - IDENTIFICACDOR DE NÚMERO DE CONTROL | |
| control field | DO-SdBNP |
| 005 - DATE AND TIME OF LATEST TRANSACTION | |
| control field | 20180313133628.0 |
| 008 - ELEMENTOS DE LONGITUD FIJA | |
| fixed length control field | 160518b2008 dr|||| |||| 00| 0 spa d |
| 040 ## - FUENTE DE CATALOGACIÓN | |
| Agencia que crea de manera original el registro | BPMSU |
| Idioma de catalogación | spa |
| Agencia que realiza la transcripción | BPMSU |
| 100 ## - ASIENTO PRINCIPAL -- NOMBRE PERSONAL | |
| Nombre personal | Aguirre, Sarah |
| 245 ## - MENCIÓN DE TITULO | |
| Título | Evaluación de medio término del proyecto para el fortalecimiento de la educación inicial : |
| Subtítulo | componente mejoramiento de la calidad del grado preprimario / |
| Mención de responsabilidad | Sarah Aguirre |
| 260 ## - PUBLICACIÓN, DISTRIBUCIÓN, ETC. (PIE DE IMPRENTA) | |
| Lugar de publicación, distribución, etc | Santo Domingo : |
| Nombre del editor, distribuidor, etc. | Secretaría de Estado de Educación |
| Fecha de publicación, distribución, etc | 2008 |
| 300 ## - DESCRIPCIÓN FÍSICA | |
| Extensión | 220 p. : |
| Otros detalles físicos | il |
| Dimensiones | 28 cm |
| 942 ## - ADDED ENTRY ELEMENTS (KOHA) | |
| Source of classification or shelving scheme | Dewey Decimal Classification |
| Koha item type | Libros |
| 945 ## - INFORMACIÓN DE PROCESAMIENTO LOCAL | |
| Información de procesamiento local | Remanejado para la BNPHU / 2018 VM |
| 956 ## - LOCAL ELECTRONIC LOCATION AND ACCESS (OCLC) | |
| Nombre de host | daysi garcia |
| Withdrawn status | Lost status | Source of classification or shelving scheme | Damaged status | Not for loan | Collection code | Home library | Current library | Date acquired | Source of acquisition | Total Checkouts | Barcode | Date last seen | Price effective from | Koha item type | Copy number |
|---|---|---|---|---|---|---|---|---|---|---|---|---|---|---|---|
| Dewey Decimal Classification | Colección Escolar | Biblioteca Pública Metropolitana Salomé Ureña | Biblioteca Pública Metropolitana Salomé Ureña | 05/18/2016 | Donación | BPMSU16050372 | 05/18/2016 | 05/18/2016 | Libros | ||||||
| Dewey Decimal Classification | Colección Escolar | Biblioteca Pública Metropolitana Salomé Ureña | Biblioteca Pública Metropolitana Salomé Ureña | 05/18/2016 | Donación | BPMSU16050373 | 05/18/2016 | 05/18/2016 | Libros | e. 2 | |||||
| Dewey Decimal Classification | Colección Escolar | Biblioteca Pública Metropolitana Salomé Ureña | Biblioteca Pública Metropolitana Salomé Ureña | 05/18/2016 | Donación | BPMSU16050374 | 05/18/2016 | 05/18/2016 | Libros | ej. 3 |